| 000 | 00506nam a22001697a 4500 | ||
|---|---|---|---|
| 005 | 20260227153109.0 | ||
| 008 | 260227b |||||||| |||| 00| 0 eng d | ||
| 020 | _a978-1-473-65822-6 | ||
| 050 |
_aHS 395 .D53 2021 _b1 |
||
| 100 | _aDICKIE,JOHN | ||
| 245 | _aTHE CRAFT HOW THE FREEMASON MADE THE MODERN WORLD | ||
| 260 |
_aBRITAIN, _bHODDER, _c2021. |
||
| 300 | _a487P,ILL; | ||
| 500 | _aINCLUDES BIBLOGRAPHIC REFERENCES INDEX | ||
| 650 | _aHOW THE FREEMASONS MADE THE MODERN WORLD | ||
| 942 |
_2lcc _cBK |
||
| 999 |
_c216722 _d216722 |
||